| 000 | 00728cab a2200253 4500 | ||
|---|---|---|---|
| 001 | ABS55462 | ||
| 008 | 090401t1996 xxu||||| |||| 00| 0 eng d | ||
| 035 | _a(Sirsi) u16645 | ||
| 041 | _aeng | ||
| 100 | _aBurall, P | ||
| 245 | _aPhotovoltaics at home | ||
| 260 | _c1996 | ||
| 350 | _a0 | ||
| 490 |
_aTown & Country Planning _v65(6) June 1996, 162-163(2) |
||
| 520 | _aReports on how an eco-house in Oxford is able to meet all of its electrical needs from sunshine. | ||
| 650 | _aECO-HOUSE | ||
| 650 | _aENERGY CONSERVATION | ||
| 650 | _aPHOTOVOLTAIC SYSTEMS | ||
| 650 | _aSOLAR ENERGY | ||
| 650 | _aSOLAR ROOFS | ||
| 690 | _aBUILDING AND CONSTRUCTION-ENERGY CONSERVATION | ||
| 942 | _n0 | ||
| 948 | _c04/03/1997 | ||
| 999 |
_c10987 _d10987 |
||